Catalog

Record Details

Catalog Search



Marketing  Cover Image Book Book

Marketing / Neil Russel-Jones ; ilustrace Phil Hailstone ; [z anglického originálu ... přeložila Hana Loupová]

Russell-Jones, Neil (Author). Hailstone, Phil (Illustrator).

Record details

  • ISBN: 80-7367-008-9
  • Physical Description: 128 s. : il. ; 11 x 15 cm
  • Edition: Vyd. 1.
  • Publisher: Praha : Portál, 2005

Content descriptions

General Note:
Obálkový podnázev: rady, metody a nástroje pro všechny, kteří se zabývají marketingem - manažery, vývojáře, poradce a projektanty
Subject: marketing
marketing
Genre: příručky
handbooks and manuals

Available copies

  • 1 of 1 copy available at Common Catalog SPOK.

Holds

  • 0 current holds with 1 total copy.
Show All Copies
Location Call Number / Copy Notes Barcode Shelving Location Status Due Date
Jabok Library Soc-8.2 424480019567 Odborná literatura Available -

LDR 01370cam a2200385 a 4500
0016664
003CZ-PrJAB
00520160923072003.0
007ta
008050714s2005 xr a e f 000 0 cze
015 . ‡acnb001575362
020 . ‡a80-7367-008-9 ‡q(brož.) : ‡cKč 129,00
035 . ‡a(CZ PrNK)cpk20051575362
035 . ‡a(OCoLC)85147372
040 . ‡aABA001 ‡bcze ‡dBOA001 ‡dABA001
0411 . ‡acze ‡heng
072 7. ‡a658 ‡xŘízení a správa podniku ‡2Konspekt ‡94
080 . ‡a658.8 ‡2MRF
080 . ‡a(035) ‡2MRF
1001 . ‡aRussell-Jones, Neil ‡7mzk2005300796 ‡4aut
24510. ‡aMarketing / ‡cNeil Russel-Jones ; ilustrace Phil Hailstone ; [z anglického originálu ... přeložila Hana Loupová]
250 . ‡aVyd. 1.
260 . ‡aPraha : ‡bPortál, ‡c2005
300 . ‡a128 s. : ‡bil. ; ‡c11 x 15 cm
4901 . ‡aManagement do kapsy ; ‡v1
500 . ‡aObálkový podnázev: rady, metody a nástroje pro všechny, kteří se zabývají marketingem - manažery, vývojáře, poradce a projektanty
65007. ‡amarketing ‡7ph115227 ‡2czenas
65009. ‡amarketing ‡2eczenas
655 7. ‡apříručky ‡7fd133209 ‡2czenas
655 9. ‡ahandbooks and manuals ‡2eczenas
7001 . ‡aHailstone, Phil ‡7mzk2005300765 ‡4ill
7650 . ‡tMarketing pocketbook ‡9Česky
830 0. ‡aManagement do kapsy
910 . ‡aABG312
901 . ‡a6664 ‡bUnknown ‡c6664 ‡tbiblio

Additional Resources